[Event "POL-chT U20 2nd League"]
[Site "Szczyrk"]
[Date "2017.07.25"]
[Round "5.4"]
[White "Eigner, Jerzy"]
[Black "Dziewonski, Dariusz"]
[Result "0-1"]
[WhiteElo "1202"]
[BlackElo "1594"]
[PlyCount "78"]
[EventDate "2017.07.22"]
[EventType "team-swiss"]
[EventRounds "11"]
[EventCountry "POL"]
[SourceTitle "EXT 2019"]
[Source "ChessBase"]
[SourceDate "2018.10.10"]
[SourceVersion "1"]
[SourceVersionDate "2018.10.10"]
[SourceQuality "1"]

1. e4 c5 2. Nf3 e6 3. d4 cxd4 4. Nxd4 a6 5. f4 d6 6. Bd3 Qc7 7. Be3 Nf6 8. Qf3 Nbd7 9. Nd2 b6 10. 0-0 Bb7 11. a4 g6 12. Qg3 Bg7 13. Rae1 0-0 14. f5 e5 15. fxg6 hxg6 16. Nf5 Rfe8 17. Nh6+ Kf8 18. Nxf7 Kxf7 19. Bc4+ Ke7 20. Qxg6 Bh8 21. Qf7+ Kd8 22. Bg5 Rf8 23. Qg6 Kc8 24. Be6 Kb8 25. Bxd7 Nxd7 26. Be7 Qc5+ 27. Kh1 Rxf1+ 28. Rxf1 Ka7 29. Bxd6 Qxc2 30. Qe6 Qxd2 31. Qxd7 Qe2 32. Rg1 Qxe4 33. a5 Qc6 34. Qe7 Rg8 35. axb6+ Kxb6 36. Bc5+ Kb5 37. Qf7 Rxg2 38. Qb3+ Kxc5 39. Rc1+ Rc2+ 0-1

[Event "POL-chT U20 2nd League"]
[Site "Szczyrk"]
[Date "2017.07.24"]
[Round "4.10"]
[White "Dixa, Oskar"]
[Black "Eigner, Jerzy"]
[Result "1-0"]
[WhiteElo "1648"]
[BlackElo "1202"]
[PlyCount "131"]
[EventDate "2017.07.22"]
[EventType "team-swiss"]
[EventRounds "11"]
[EventCountry "POL"]
[SourceTitle "EXT 2019"]
[Source "ChessBase"]
[SourceDate "2018.10.10"]
[SourceVersion "1"]
[SourceVersionDate "2018.10.10"]
[SourceQuality "1"]

1. e4 c5 2. Nf3 e6 3. d4 cxd4 4. Nxd4 Bc5 5. Nb3 Bb6 6. Bd3 Ne7 7. 0-0 0-0 8. c4 f5 9. exf5 Nxf5 10. Nc3 Nc6 11. Qe2 d5 12. cxd5 Ncd4 13. Nxd4 Nxd4 14. Qe4 Nf5 15. dxe6 Kh8 16. Nd5 Qd6 17. e7 Re8 18. Bf4 Qe6 19. Qxe6 Bxe6 20. Nxb6 axb6 21. Rfe1 Bd7 22. Re5 Nxe7 23. Rae1 Nd5 24. Rxe8+ Bxe8 25. Bd2 Bc6 26. a3 Rf8 27. Be4 Nf6 28. Bxc6 bxc6 29. f3 Re8 30. Rc1 c5 31. Kf2 Nd5 32. a4 g6 33. a5 Rc8 34. axb6 Nxb6 35. Be3 Nd7 36. Ke2 Kg8 37. f4 Rb8 38. Rc2 Kf7 39. Kf3 Rb3 40. Kf2 Ke6 41. Rd2 Nf6 42. Ke2 Ne4 43. Rc2 Kd5 44. Bg1 h5 45. g3 c4 46. Be3 c3 47. bxc3 Rxc3 48. Ra2 Rc6 49. Kf3 Nf6 50. h3 Rc3 51. Ra5+ Ke6 52. Re5+ Kd6 53. Kg2 Rd3 54. Bc5+ Kc6 55. Re6+ Kxc5 56. Rxf6 Rd6 57. Rxd6 Kxd6 58. Kf3 Ke6 59. Ke4 Kf6 60. Kd4 Ke6 61. g4 hxg4 62. hxg4 Kf6 63. Kd5 Kf7 64. Kd6 Kf6 65. Kd7 Kf7 66. g5 1-0